[Event "Madrid 2019-2020 ch - Previa A"]
[Site "Madrid ESP"]
[Date "2020.02.17"]
[Round "7.7"]
[White "Roldan Garcia, Angel"]
[Black "Garcia Sanz, Eduardo"]
[Result "0-1"]
[WhiteElo "1809"]
[BlackElo "1832"]
[PlyCount "158"]
[EventDate "2020.02.03"]
[EventType "swiss"]
[EventRounds "9"]
[EventCountry "ESP"]
[SourceTitle "Ajedrez en Madrid"]
[Source "lmi"]
[SourceDate "2020.02.03"]
[SourceVersion "1"]
[SourceVersionDate "2020.02.27"]
[SourceQuality "1"]

1. e4 c5 2. Nf3 e6 3. c3 d5 4. exd5 exd5 5. d4 Bg4 6. Be2 Nc6 7. O-O Be7 8.
dxc5 Bxc5 9. Qa4 Qd7 10. Re1 Nge7 11. Nbd2 O-O 12. Qd1 Bb6 13. h3 Bf5 14. Nb3
Ng6 15. Nbd4 Nxd4 16. Nxd4 Be6 17. Be3 Rad8 18. Bb5 Qd6 19. Be2 Bc7 20. g3 Bxh3
21. Nb5 Qd7 22. Nxc7 Qxc7 23. Bd4 Be6 24. Bf3 b6 25. Qd2 Qd7 26. Rad1 Bg4 27.
Qd3 Bxf3 28. Qxf3 Rfe8 29. Rxe8+ Qxe8 30. Qd3 h5 31. Qf5 h4 32. Qg4 hxg3 33.
Qxg3 Qe4 34. Qg5 Qh4 35. Qg2 Qe4 36. Be3 Qxg2+ 37. Kxg2 Nh4+ 38. Kg3 Ng6 39. c4
Ne7 40. cxd5 Rxd5 41. Rc1 Rd7 42. Kg4 f6 43. Rc2 Kf7 44. a3 Nd5 45. Bd2 Ke6 46.
Rc6+ Ke5 47. f4+ Ke4 48. Re6+ Kd3 49. Be1 Ne3+ 50. Kh5 Nd5 51. Kg4 Ne3+ 52. Kh5
Nc4 53. Bc3 Nd6 54. Re1 Kc4 55. Rd1 a5 56. Rd4+ Kb3 57. Kg6 f5 58. Rd3 Kc4 59.
Rd4+ Kc5 60. Rd2 Kc6 61. Bxg7 Re7 62. Be5 Re6+ 63. Kg5 Ne4+ 64. Kxf5 Rxe5+ 65.
Kxe5 Nxd2 66. f5 Nc4+ 67. Kd4 Nd6 68. f6 Nf7 69. b3 Nd6 70. b4 axb4 71. axb4
Nf7 72. Kc4 Nd6+ 73. Kd4 Kb5 74. Kd5 Nf7 75. Ke6 Nh6 76. Ke5 Kxb4 77. Kf4 Kc5
78. Kg5 Nf7+ 79. Kg6 Nd6 0-1

[Event "Madrid 2019-2020 ch - Previa A"]
[Site "Madrid ESP"]
[Date "2020.02.17"]
[Round "7.8"]
[White "Esteban Amo, Jose M."]
[Black "Lopez Heras, Arturo"]
[Result "0-1"]
[WhiteElo "1932"]
[BlackElo "1719"]
[PlyCount "70"]
[EventDate "2020.02.03"]
[EventType "swiss"]
[EventRounds "9"]
[EventCountry "ESP"]
[SourceTitle "Ajedrez en Madrid"]
[Source "lmi"]
[SourceDate "2020.02.03"]
[SourceVersion "1"]
[SourceVersionDate "2020.02.27"]
[SourceQuality "1"]

1. d4 d6 2. Nf3 g6 3. c4 Bg7 4. Nc3 Nf6 5. Bg5 h6 6. Bh4 g5 7. Bg3 Nh5 8. e3
Nxg3 9. hxg3 Nd7 10. Qb3 c5 11. O-O-O Qb6 12. Qxb6 axb6 13. Bd3 Nf6 14. Nh2 Ng4
15. Nxg4 Bxg4 16. f3 Bd7 17. Be4 f5 18. Bb1 Kf7 19. Nd5 Ra6 20. Nc7 Ra5 21. Nd5
Ra6 22. Nc7 Ra5 23. Nd5 b5 24. Nb6 Bc8 25. dxc5 dxc5 26. Nxc8 Rxc8 27. Bxf5 Rc7
28. Kb1 bxc4 29. Bd7 b5 30. a4 bxa4 31. Ka2 Rb7 32. Rd2 Rb3 33. Bc6 a3 34. Bd5+
e6 35. Bxc4 Rxb2+ 0-1

[Event "Madrid 2019-2020 ch - Previa A"]
[Site "Madrid ESP"]
[Date "2020.02.17"]
[Round "7.9"]
[White "Cabañas Bravo, Juan Andres"]
[Black "Fernandez Rios, Jose Francisco"]
[Result "1/2-1/2"]
[WhiteElo "1981"]
[BlackElo "1794"]
[PlyCount "64"]
[EventDate "2020.02.03"]
[EventType "swiss"]
[EventRounds "9"]
[EventCountry "ESP"]
[SourceTitle "Ajedrez en Madrid"]
[Source "lmi"]
[SourceDate "2020.02.03"]
[SourceVersion "1"]
[SourceVersionDate "2020.02.27"]
[SourceQuality "1"]

1. e4 c5 2. Nf3 g6 3. d4 cxd4 4. Nxd4 Bg7 5. Be3 Nc6 6. Nc3 Nf6 7. Nxc6 bxc6 8.
e5 Ng8 9. Bd4 Nh6 10. e6 O-O 11. Bxg7 Kxg7 12. exd7 Bxd7 13. Qd2 Qc7 14. O-O-O
Rfd8 15. Qd4+ e5 16. Qc5 Bg4 17. Rxd8 Rxd8 18. Bb5 Rc8 19. Bc4 Rd8 20. Re1 f6
21. h3 Qd7 22. Kb1 Bf5 23. Bb3 Nf7 24. a3 Qd4 25. Qxc6 Qxf2 26. Re2 Qb6 27. Qf3
Be6 28. Bxe6 Ng5 29. Qf1 Nxe6 30. Re4 Nd4 31. g4 Rb8 32. Nd1 Qd6 1/2-1/2

[Event "Madrid 2019-2020 ch - Previa A"]
[Site "Madrid ESP"]
[Date "2020.02.17"]
[Round "7.10"]
[White "Jimenez Gonzalez, Marcos"]
[Black "Gil Sierra, Jacinto"]
[Result "0-1"]
[WhiteElo "1811"]
[BlackElo "1945"]
[PlyCount "94"]
[EventDate "2020.02.03"]
[EventType "swiss"]
[EventRounds "9"]
[EventCountry "ESP"]
[SourceTitle "Ajedrez en Madrid"]
[Source "lmi"]
[SourceDate "2020.02.03"]
[SourceVersion "1"]
[SourceVersionDate "2020.02.27"]
[SourceQuality "1"]

1. c4 e5 2. g3 Nc6 3. Bg2 f5 4. Nc3 Nf6 5. d3 Bc5 6. Nf3 d6 7. O-O a6 8. a3 O-O
9. b4 Bd4 10. Nxd4 Nxd4 11. e3 Ne6 12. d4 e4 13. d5 Ng5 14. Bb2 Qe8 15. h4 Nf7
16. Ne2 Ng4 17. Nf4 Nfe5 18. Rc1 Bd7 19. Qd4 Qe7 20. f3 exf3 21. Bxf3 Nxf3+ 22.
Rxf3 Ne5 23. Rf2 Rae8 24. Rcf1 Ng4 25. Rf3 Qf7 26. Ne6 Bxe6 27. dxe6 Rxe6 28.
Rxf5 Nf6 29. Qf4 Qe7 30. Qg5 Nd7 31. Rxf8+ Nxf8 32. Qxe7 Rxe7 33. Rf3 Nd7 34.
Kf2 Rf7 35. e4 Rxf3+ 36. Kxf3 Kf7 37. Ke3 g6 38. Kd4 Ke6 39. c5 dxc5+ 40. bxc5
Ne5 41. Bc3 h5 42. Bb4 Nc6+ 43. Ke3 Nxb4 44. axb4 Ke5 45. Kd3 b6 46. c6 Kd6 47.
Kd4 a5 0-1

[Event "Madrid 2019-2020 ch - Previa A"]
[Site "Madrid ESP"]
[Date "2020.02.17"]
[Round "7.11"]
[White "Corral Aragon, Juan Maria"]
[Black "Ruiz Quevedo, Andres"]
[Result "1-0"]
[WhiteElo "1766"]
[BlackElo "1898"]
[PlyCount "61"]
[EventDate "2020.02.03"]
[EventType "swiss"]
[EventRounds "9"]
[EventCountry "ESP"]
[SourceTitle "Ajedrez en Madrid"]
[Source "lmi"]
[SourceDate "2020.02.03"]
[SourceVersion "1"]
[SourceVersionDate "2020.02.27"]
[SourceQuality "1"]

1. e4 c5 2. Nf3 d6 3. d4 cxd4 4. Nxd4 Nf6 5. Nc3 a6 6. Bg5 e6 7. f4 Bd7 8. e5
dxe5 9. fxe5 Qc7 10. Nf3 Nd5 11. Ne4 Qa5+ 12. Bd2 Qc7 13. c4 Nb6 14. Ba5 Nc6
15. Nd6+ Bxd6 16. exd6 Qd8 17. Bc3 O-O 18. a4 e5 19. c5 e4 20. Ne5 Nxe5 21.
Bxe5 e3 22. cxb6 Qh4+ 23. g3 Qe4 24. Qd4 Qxh1 25. O-O-O f6 26. Bc4+ Kh8 27.
Rxh1 fxe5 28. Qxe3 Rac8 29. b3 Bxa4 30. Kb2 Bc6 31. Rf1 1-0

[Event "Madrid 2019-2020 ch - Previa A"]
[Site "Madrid ESP"]
[Date "2020.02.17"]
[Round "7.12"]
[White "Maseda Iglesias, Luis"]
[Black "Viñas Lopez, Carlos"]
[Result "1/2-1/2"]
[WhiteElo "1735"]
[BlackElo "1876"]
[PlyCount "52"]
[EventDate "2020.02.03"]
[EventType "swiss"]
[EventRounds "9"]
[EventCountry "ESP"]
[SourceTitle "Ajedrez en Madrid"]
[Source "lmi"]
[SourceDate "2020.02.03"]
[SourceVersion "1"]
[SourceVersionDate "2020.02.27"]
[SourceQuality "1"]

1. d4 Nf6 2. Nf3 c5 3. e3 b6 4. Bd3 Bb7 5. O-O e6 6. Nbd2 Be7 7. b3 cxd4 8.
exd4 O-O 9. Qe2 d6 10. Bb2 Nbd7 11. Rfe1 Re8 12. c4 Bf8 13. Rac1 a6 14. h3 b5
15. Bb1 b4 16. Qd3 a5 17. Re3 Qb6 18. Rce1 g6 19. R3e2 Bg7 20. Qe3 Rec8 21. Rc1
Rc7 22. Ree1 Rac8 23. Rc2 Qa7 24. Rec1 Qa8 25. Re1 Qa7 26. Rec1 Qa8 1/2-1/2

[Event "Madrid 2019-2020 ch - Previa A"]
[Site "Madrid ESP"]
[Date "2020.02.17"]
[Round "7.13"]
[White "Lozano Sanchez, Jose Antonio"]
[Black "Villodre Miranda, Juan Alonso"]
[Result "1-0"]
[WhiteElo "1832"]
[BlackElo "1582"]
[PlyCount "139"]
[EventDate "2020.02.03"]
[EventType "swiss"]
[EventRounds "9"]
[EventCountry "ESP"]
[SourceTitle "Ajedrez en Madrid"]
[Source "lmi"]
[SourceDate "2020.02.03"]
[SourceVersion "1"]
[SourceVersionDate "2020.02.27"]
[SourceQuality "1"]

1. e4 e5 2. Nf3 d6 3. Nc3 c5 4. Bc4 g6 5. d3 h6 6. O-O Bg7 7. Ne1 Ne7 8. f4 O-O
9. Nf3 Kh7 10. Be3 f5 11. fxe5 fxe4 12. exd6 exf3 13. dxe7 Qxe7 14. Ne4 fxg2
15. Rxf8 Qxf8 16. Bxc5 Qf4 17. c3 Be5 18. Ng3 Bg4 19. Qe1 Qf3 20. Qe3 Qxe3+ 21.
Bxe3 Bf3 22. Ne4 Nc6 23. Nd2 Rf8 24. Bc5 Rf5 25. Nxf3 Rxf3 26. Kxg2 Rf5 27. d4
b6 28. dxe5 Nxe5 29. Bxb6 Nxc4 30. Bxa7 Nxb2 31. Rb1 Nc4 32. Rb7+ Kg8 33. Bd4
h5 34. Rg7+ Kf8 35. Rxg6 Ra5 36. a4 Rxa4 37. Rg5 h4 38. Rh5 Ra2+ 39. Kh3 Kg8
40. Rxh4 Nd6 41. Rg4+ Kh7 42. Rg2 Ra4 43. Rd2 Ne4 44. Rc2 Rc4 45. Kg4 Kg6 46.
Kf4 Nc5 47. Ke3 Ne6 48. Kd3 Rc6 49. Rb2 Nxd4 50. cxd4 Kf6 51. h4 Ke6 52. h5 Rc8
53. Ke4 Rh8 54. h6 Kd7 55. h7 Kc6 56. Rh2 Kd6 57. Rh6+ Kd7 58. Ke5 Re8+ 59. Kf5
Rh8 60. Kg6 Re8 61. h8=Q Rxh8 62. Rxh8 Ke6 63. Rh5 Kd6 64. Kf6 Kd7 65. Ke5 Kc6
66. d5+ Kd7 67. Rh7+ Kd8 68. Ke6 Kc8 69. Kd6 Kb8 70. Kc6 1-0

[Event "Madrid 2019-2020 ch - Previa A"]
[Site "Madrid ESP"]
[Date "2020.02.17"]
[Round "7.14"]
[White "Del Castillo Izquierdo, Jose"]
[Black "Pashov, Spas Nikolov"]
[Result "0-1"]
[WhiteElo "1602"]
[BlackElo "1837"]
[PlyCount "86"]
[EventDate "2020.02.03"]
[EventType "swiss"]
[EventRounds "9"]
[EventCountry "ESP"]
[SourceTitle "Ajedrez en Madrid"]
[Source "lmi"]
[SourceDate "2020.02.03"]
[SourceVersion "1"]
[SourceVersionDate "2020.02.27"]
[SourceQuality "1"]

1. d4 Nf6 2. Nf3 g6 3. c4 Bg7 4. Nc3 d5 5. cxd5 Nxd5 6. e4 Nxc3 7. bxc3 c5 8.
Be3 O-O 9. Rc1 cxd4 10. cxd4 Qa5+ 11. Qd2 Nc6 12. d5 Qxd2+ 13. Nxd2 Na5 14. Nc4
Nxc4 15. Bxc4 Bd7 16. f4 Rfc8 17. Kd2 e6 18. d6 Bc6 19. e5 Bxg2 20. Rhg1 Bc6
21. Rb1 Kf8 22. Bd3 Ke8 23. h4 h5 24. Bd4 Kd7 25. Bb5 Bxb5 26. Rxb5 b6 27. a4
Rc4 28. Ke3 Rxa4 29. Rgb1 Rb8 30. Bxb6 Rxb6 31. Rxb6 axb6 32. Rxb6 Ra2 33. Rb8
Bh6 34. Rh8 Ra3+ 35. Kd4 Ra4+ 36. Kc5 Bxf4 37. Kb5 Bxe5 38. Rf8 Rf4 39. Ra8
Bxd6 40. Ra7+ Bc7 41. Kc5 Rxh4 42. Ra2 Bd6+ 43. Kb5 Rb4+ 0-1

[Event "Madrid 2019-2020 ch - Previa A"]
[Site "Madrid ESP"]
[Date "2020.02.17"]
[Round "7.17"]
[White "Alises Fontecha, Juan"]
[Black "De Diego Ferrer, Emilio"]
[Result "1-0"]
[WhiteElo "1586"]
[BlackElo "1883"]
[PlyCount "111"]
[EventDate "2020.02.03"]
[EventType "swiss"]
[EventRounds "9"]
[EventCountry "ESP"]
[SourceTitle "Ajedrez en Madrid"]
[Source "lmi"]
[SourceDate "2020.02.03"]
[SourceVersion "1"]
[SourceVersionDate "2020.02.27"]
[SourceQuality "1"]

1. e4 c6 2. d4 d5 3. e5 c5 4. c3 Nc6 5. Be2 a6 6. h3 Bf5 7. Nf3 e6 8. O-O Nge7
9. Be3 cxd4 10. cxd4 Nc8 11. a3 Be7 12. Qd2 O-O 13. b4 N8a7 14. Nc3 f6 15. Na4
Be4 16. exf6 Bxf6 17. Nc5 Qe7 18. Ng5 Nxd4 19. Ngxe4 Nxe2+ 20. Qxe2 Bxa1 21.
Bg5 Bf6 22. Nxf6+ gxf6 23. Bh6 Rf7 24. Re1 e5 25. f4 Nc6 26. fxe5 Nxe5 27. Nd3
Re8 28. Nxe5 fxe5 29. Qg4+ Kh8 30. Bg5 Rg7 31. Bxe7 Rxg4 32. Bf6+ Rg7 33. Rxe5
Rxe5 34. Bxe5 Kg8 35. Bxg7 Kxg7 36. Kf2 Kf6 37. g3 Kf5 38. Ke3 Ke5 39. Kd3 b5
40. Ke3 h6 41. g4 d4+ 42. Kf3 Kd5 43. h4 Kc4 44. Ke2 Kb3 45. Kd3 Kxa3 46. g5
hxg5 47. hxg5 Kxb4 48. g6 Ka3 49. g7 a5 50. g8=Q b4 51. Qg1 a4 52. Qb1 b3 53.
Qa1+ Kb4 54. Qxd4+ Ka3 55. Qa1+ Kb4 56. Kd4 1-0

[Event "Madrid 2019-2020 ch - Previa A"]
[Site "Madrid ESP"]
[Date "2020.02.17"]
[Round "7.18"]
[White "Barahona Torrijos, Angel"]
[Black "Garcia Gonzalez, Pedro A."]
[Result "1-0"]
[WhiteElo "1827"]
[BlackElo "1743"]
[PlyCount "105"]
[EventDate "2020.02.03"]
[EventType "swiss"]
[EventRounds "9"]
[EventCountry "ESP"]
[SourceTitle "Ajedrez en Madrid"]
[Source "lmi"]
[SourceDate "2020.02.03"]
[SourceVersion "1"]
[SourceVersionDate "2020.02.27"]
[SourceQuality "1"]

1. e4 e5 2. Nf3 Nc6 3. Nc3 Nf6 4. Bb5 Bb4 5. O-O O-O 6. Nd5 Bc5 7. d3 Nxd5 8.
exd5 Nd4 9. Nxd4 Bxd4 10. c3 Bb6 11. Qh5 d6 12. Bg5 f6 13. Bd2 Qe7 14. Rae1 Qf7
15. Qxf7+ Rxf7 16. Be3 Bf5 17. Bxb6 axb6 18. a3 Bg6 19. f4 h6 20. f5 Bh7 21. d4
Kf8 22. dxe5 fxe5 23. Bd3 Rf6 24. g4 Ke7 25. h4 Bg8 26. Be4 Ra5 27. c4 b5 28.
Rc1 Kd8 29. Rfd1 bxc4 30. Rxc4 c5 31. g5 hxg5 32. hxg5 Rf8 33. Rc3 Ra4 34. Re1
Rd4 35. Rb3 Kc7 36. Rh3 Bxd5 37. Bxd5 Rxd5 38. Rh7 Rd4 39. Rxg7+ Kc6 40. f6
Rg4+ 41. Kf2 Rf4+ 42. Kg3 b5 43. Re3 Rf1 44. Rf3 Rg1+ 45. Kf2 Rb1 46. f7 Rxb2+
47. Kg3 e4 48. Re3 d5 49. g6 Kd7 50. Rh7 Rb1 51. Kg4 d4 52. g7 Rxf7 53. g8=Q
1-0

[Event "Madrid 2019-2020 ch - Previa A"]
[Site "Madrid ESP"]
[Date "2020.02.17"]
[Round "7.19"]
[White "Faggiano, Alessandro"]
[Black "Martin Vazquez, Jose Luis"]
[Result "0-1"]
[WhiteElo "1282"]
[BlackElo "1789"]
[PlyCount "88"]
[EventDate "2020.02.03"]
[EventType "swiss"]
[EventRounds "9"]
[EventCountry "ESP"]
[SourceTitle "Ajedrez en Madrid"]
[Source "lmi"]
[SourceDate "2020.02.03"]
[SourceVersion "1"]
[SourceVersionDate "2020.02.27"]
[SourceQuality "1"]

1. c4 Nf6 2. Nc3 g6 3. g3 Bg7 4. Bg2 O-O 5. e3 d6 6. Nge2 c6 7. d4 Na6 8. O-O
Be6 9. d5 cxd5 10. cxd5 Bd7 11. e4 h6 12. Be3 Nc7 13. f3 Nb5 14. Qd2 Kh7 15. a4
Nxc3 16. Nxc3 Qa5 17. b4 Qxb4 18. Rfb1 Qa5 19. Rxb7 Rfb8 20. Rab1 Rxb7 21. Rxb7
Rc8 22. Bd4 Rc7 23. Rxc7 Qxc7 24. Qe3 Ne8 25. Bxg7 Kxg7 26. Qd4+ f6 27. Nb5
Bxb5 28. axb5 Qb6 29. Qxb6 axb6 30. Bh3 f5 31. Kf2 Nc7 32. Bf1 fxe4 33. fxe4
Kf6 34. Kf3 Ke5 35. Bd3 Kd4 36. Be2 Kc5 37. Ke3 Nxb5 38. Bxb5 Kxb5 39. Kd3 Ka4
40. Kc4 b5+ 41. Kc3 Ka3 42. h4 b4+ 43. Kc2 Ka2 44. g4 b3+ 0-1

[Event "Madrid 2019-2020 ch - Previa A"]
[Site "Madrid ESP"]
[Date "2020.02.17"]
[Round "7.20"]
[White "Cruz Gonzalez, Antonio"]
[Black "Lopez Orellana, Federico"]
[Result "1/2-1/2"]
[WhiteElo "1719"]
[BlackElo "1705"]
[PlyCount "50"]
[EventDate "2020.02.03"]
[EventType "swiss"]
[EventRounds "9"]
[EventCountry "ESP"]
[SourceTitle "Ajedrez en Madrid"]
[Source "lmi"]
[SourceDate "2020.02.03"]
[SourceVersion "1"]
[SourceVersionDate "2020.02.27"]
[SourceQuality "1"]

1. d3 b6 2. e4 Bb7 3. g3 d5 4. Nd2 e5 5. Bg2 Nf6 6. Qe2 dxe4 7. Nxe4 Nxe4 8.
Bxe4 Bxe4 9. Qxe4 Nd7 10. Nf3 Bd6 11. Bg5 f6 12. Bd2 O-O 13. Nh4 Nc5 14. Qd5+
Kh8 15. Nf5 Qd7 16. Nxd6 cxd6 17. h4 Rac8 18. h5 h6 19. Rh4 Ne6 20. Rc4 Nd4 21.
O-O-O Rxc4 22. dxc4 Qa4 23. Qe4 Qxc4 24. Kb1 f5 25. Qd3 Qxd3 1/2-1/2

[Event "Madrid 2019-2020 ch - Previa A"]
[Site "Madrid ESP"]
[Date "2020.02.17"]
[Round "7.22"]
[White "Giron Herranz, Ivan"]
[Black "Jara Sanchez, Carlos"]
[Result "1/2-1/2"]
[WhiteElo "1341"]
[BlackElo "1652"]
[PlyCount "60"]
[EventDate "2020.02.03"]
[EventType "swiss"]
[EventRounds "9"]
[EventCountry "ESP"]
[SourceTitle "Ajedrez en Madrid"]
[Source "lmi"]
[SourceDate "2020.02.03"]
[SourceVersion "1"]
[SourceVersionDate "2020.02.27"]
[SourceQuality "1"]

1. f4 f5 2. e3 Nf6 3. Nf3 e6 4. b3 d5 5. Be2 Nc6 6. Bb5 Bd7 7. Bb2 Be7 8. d3 a6
9. Bxc6 Bxc6 10. Bxf6 Bxf6 11. d4 O-O 12. Nc3 b6 13. Ne2 Bb7 14. Nc1 c5 15. c3
Qc7 16. Nd3 cxd4 17. cxd4 Qc3+ 18. Ke2 Rac8 19. Rc1 Qa5 20. Qd2 Qxd2+ 21. Kxd2
Kf7 22. Nfe5+ Ke7 23. b4 g5 24. Rxc8 Rxc8 25. Rc1 Rxc1 26. Kxc1 gxf4 27. exf4
Kd6 28. Kd2 Kc7 29. Ke3 Be7 30. h3 Bc8 1/2-1/2

[Event "Madrid 2019-2020 ch - Previa A"]
[Site "Madrid ESP"]
[Date "2020.02.17"]
[Round "7.23"]
[White "Martin-Buitrago Lopez, Antonio"]
[Black "Lopez Guitian, Juan J."]
[Result "1-0"]
[WhiteElo "1641"]
[BlackElo "1497"]
[PlyCount "51"]
[EventDate "2020.02.03"]
[EventType "swiss"]
[EventRounds "9"]
[EventCountry "ESP"]
[SourceTitle "Ajedrez en Madrid"]
[Source "lmi"]
[SourceDate "2020.02.03"]
[SourceVersion "1"]
[SourceVersionDate "2020.02.27"]
[SourceQuality "1"]

1. b3 c5 2. Bb2 Nc6 3. e3 Nf6 4. Nf3 e6 5. Bb5 Be7 6. O-O a6 7. Bxc6 bxc6 8. c4
O-O 9. Ne5 Qc7 10. d3 d6 11. Ng4 e5 12. Nxf6+ Bxf6 13. Nc3 Be6 14. Ne4 Be7 15.
Qh5 f5 16. Ng5 Bxg5 17. Qxg5 Rf6 18. Qh5 Raf8 19. d4 Rh6 20. Qe2 cxd4 21. exd4
exd4 22. Bxd4 c5 23. Bb2 Qe7 24. f4 Qh4 25. g3 Rg6 26. Qxe6+ 1-0

[Event "Madrid 2019-2020 ch - Previa A"]
[Site "Madrid ESP"]
[Date "2020.02.17"]
[Round "7.24"]
[White "Gortazar Rubial, Javier Maria"]
[Black "Loriente Del Real, Alberto"]
[Result "0-1"]
[WhiteElo "1633"]
[BlackElo "1288"]
[PlyCount "99"]
[EventDate "2020.02.03"]
[EventType "swiss"]
[EventRounds "9"]
[EventCountry "ESP"]
[SourceTitle "Ajedrez en Madrid"]
[Source "lmi"]
[SourceDate "2020.02.03"]
[SourceVersion "1"]
[SourceVersionDate "2020.02.27"]
[SourceQuality "1"]

1. e4 c5 2. Nc3 Nc6 3. Bb5 d6 4. f4 a6 5. Bxc6+ bxc6 6. d3 Nf6 7. Nf3 g6 8. O-O
Bg7 9. Qe1 O-O 10. Qh4 Nh5 11. e5 dxe5 12. fxe5 Rb8 13. a3 Qd7 14. Rb1 Bh8 15.
Bh6 Ng7 16. Qf2 Qg4 17. Ne4 c4 18. h3 Qh5 19. Bd2 Qf5 20. Ng3 Qd7 21. d4 Nf5
22. Nxf5 Qxf5 23. Bb4 Rb7 24. Qe2 Be6 25. Nd2 Qg5 26. Nf3 Qf4 27. Bc3 Bg7 28.
Nd2 Qg5 29. Ne4 Qh6 30. Bd2 Qh5 31. Qxh5 gxh5 32. Nc5 Rd7 33. Nxd7 Bxd7 34. Rf3
Kh8 35. Rbf1 Be6 36. Bg5 Bd5 37. Rxf7 Rxf7 38. Rxf7 Bxf7 39. Bxe7 Bd5 40. Kf2
Kg8 41. g4 hxg4 42. hxg4 Kf7 43. Bh4 Bf8 44. g5 Kg6 45. Ke3 Kf5 46. Bg3 Kxg5
47. a4 h5 48. b3 cxb3 49. cxb3 Bxb3 50. Ke4 0-1

[Event "Madrid 2019-2020 ch - Previa A"]
[Site "Madrid ESP"]
[Date "2020.02.17"]
[Round "7.25"]
[White "Martinez Pascual, Gonzalo"]
[Black "Martin Rodriguez, Anastasio"]
[Result "1-0"]
[WhiteElo "1559"]
[BlackElo "1607"]
[PlyCount "50"]
[EventDate "2020.02.03"]
[EventType "swiss"]
[EventRounds "9"]
[EventCountry "ESP"]
[SourceTitle "Ajedrez en Madrid"]
[Source "lmi"]
[SourceDate "2020.02.03"]
[SourceVersion "1"]
[SourceVersionDate "2020.02.27"]
[SourceQuality "1"]

1. d4 Nf6 2. Bf4 e6 3. e3 d5 4. Nf3 Bd6 5. Bg3 O-O 6. Bd3 c5 7. c3 Qc7 8. Nbd2
Nbd7 9. Bxd6 Qxd6 10. Qe2 c4 11. Bc2 e5 12. dxe5 Nxe5 13. Nxe5 Qxe5 14. Nf3 Qh5
15. h3 Bg4 16. O-O-O Bxf3 17. Qxf3 Qxf3 18. gxf3 Rfe8 19. Rd4 Re5 20. Rhd1 Rh5
21. e4 Rxh3 22. e5 Rxf3 23. exf6 Rxf6 24. Rxd5 g5 25. Rxg5+ Kf8 1-0

[Event "Madrid 2019-2020 ch - Previa A"]
[Site "Madrid ESP"]
[Date "2020.02.17"]
[Round "7.26"]
[White "Castro Uceda, Jose Antonio"]
[Black "Gonzalez Recas, Fernando"]
[Result "0-1"]
[WhiteElo "1607"]
[BlackElo "1548"]
[PlyCount "118"]
[EventDate "2020.02.03"]
[EventType "swiss"]
[EventRounds "9"]
[EventCountry "ESP"]
[SourceTitle "Ajedrez en Madrid"]
[Source "lmi"]
[SourceDate "2020.02.03"]
[SourceVersion "1"]
[SourceVersionDate "2020.02.27"]
[SourceQuality "1"]

1. e4 d6 2. d4 Nf6 3. Nc3 g6 4. Nf3 c6 5. Bf4 Bg7 6. Qd2 O-O 7. Bh6 Bg4 8. Bxg7
Kxg7 9. Qe3 Bxf3 10. Qxf3 e5 11. dxe5 dxe5 12. Rd1 Qe7 13. Bc4 Nbd7 14. O-O b5
15. Bb3 Nc5 16. Rfe1 Rad8 17. h3 a5 18. a3 Nxb3 19. cxb3 Rd6 20. Qe3 Rfd8 21.
Qc5 Qe6 22. Rxd6 Rxd6 23. b4 a4 24. Re2 Rd4 25. f4 Nd7 26. Qa7 Qd6 27. Rf2 Rd2
28. f5 g5 29. Qe3 Rxf2 30. Qxg5+ Kf8 31. Kxf2 Nf6 32. Qe3 Ke7 33. Qa7+ Nd7 34.
Qe3 Nf6 35. g4 h6 36. Kf3 Nd7 37. h4 Qf6 38. g5 hxg5 39. Qxg5 Nf8 40. Qxf6+
Kxf6 41. Nd1 Kg7 42. Nf2 f6 43. Nd3 Nd7 44. Ke3 Kh6 45. Nc5 Nxc5 46. bxc5 Kh5
47. Kd3 Kxh4 48. Kc3 Kg4 49. Kb4 Kf4 50. Ka5 Kxe4 51. Kb6 Kd5 52. Kc7 e4 53.
Kd7 e3 54. Ke7 e2 55. Kxf6 e1=Q 56. Kg7 Qe7+ 57. Kg6 Kxc5 58. f6 Qf8 59. f7 Kd5
0-1

[Event "Madrid 2019-2020 ch - Previa A"]
[Site "Madrid ESP"]
[Date "2020.02.17"]
[Round "7.27"]
[White "Suarez Mencia, Roberto"]
[Black "Martinez Martinez, Javier II"]
[Result "0-1"]
[WhiteElo "1387"]
[BlackElo "1595"]
[PlyCount "52"]
[EventDate "2020.02.03"]
[EventType "swiss"]
[EventRounds "9"]
[EventCountry "ESP"]
[SourceTitle "Ajedrez en Madrid"]
[Source "lmi"]
[SourceDate "2020.02.03"]
[SourceVersion "1"]
[SourceVersionDate "2020.02.27"]
[SourceQuality "1"]

1. c4 Nf6 2. g3 e6 3. Bg2 d5 4. cxd5 exd5 5. e3 c6 6. Ne2 Bd6 7. d4 O-O 8. Nbc3
Bf5 9. O-O Nbd7 10. f3 Re8 11. a3 Nf8 12. b4 a6 13. Bd2 Bd3 14. Bc1 Bc4 15. Re1
Qc7 16. e4 dxe4 17. fxe4 Rad8 18. Qc2 b5 19. e5 Bxe5 20. dxe5 Ng4 21. Bf4 Ne6
22. Qf5 Qb6+ 23. Kh1 Nf2+ 24. Kg1 Nh3+ 25. Kh1 Qg1+ 26. Nxg1 Nf2# 0-1

[Event "Madrid 2019-2020 ch - Previa A"]
[Site "Madrid ESP"]
[Date "2020.02.17"]
[Round "7.28"]
[White "Rodriguez Bachiller, Luis"]
[Black "Menendez Domens, Juan Manuel"]
[Result "1/2-1/2"]
[WhiteElo "1536"]
[BlackElo "1445"]
[PlyCount "150"]
[EventDate "2020.02.03"]
[EventType "swiss"]
[EventRounds "9"]
[EventCountry "ESP"]
[SourceTitle "Ajedrez en Madrid"]
[Source "lmi"]
[SourceDate "2020.02.03"]
[SourceVersion "1"]
[SourceVersionDate "2020.02.27"]
[SourceQuality "1"]

1. d4 Nf6 2. Nf3 d5 3. Bf4 b6 4. e3 Ba6 5. Bxa6 Nxa6 6. Nbd2 e6 7. c3 b5 8. O-O
Be7 9. h3 O-O 10. a4 b4 11. c4 c5 12. Qe2 Bd6 13. Ne5 Nc7 14. Ndf3 Ne4 15. dxc5
Bxc5 16. Rfd1 f6 17. Nd3 Bd6 18. Bxd6 Qxd6 19. Nf4 Rad8 20. Ne1 a5 21. Nf3 Qa6
22. Rac1 e5 23. cxd5 exf4 24. Qc2 Nxf2 25. Kxf2 fxe3+ 26. Kxe3 Nxd5+ 27. Kf2
Qb6+ 28. Qc5 Qxc5+ 29. Rxc5 Nc3 30. bxc3 Rxd1 31. cxb4 axb4 32. Rb5 Rb1 33. Nd4
Re8 34. a5 Re5 35. Rb8+ Kf7 36. a6 Ra5 37. Rb7+ Kg6 38. a7 Rba1 39. Nc6 Ra6 40.
Ne7+ Kg5 41. Rb5+ Kh6 42. Rxb4 R1a2+ 43. Kg3 R2a3+ 44. Kh2 Rxa7 45. Nf5+ Kg6
46. Nh4+ Kf7 47. Nf3 R3a4 48. Rb6 Ra2 49. h4 Re7 50. h5 Ra5 51. g4 h6 52. Rb3
Ra4 53. Kg3 Rae4 54. Rb8 Re3 55. Rb4 g6 56. hxg6+ Kxg6 57. Kf4 Ra3 58. Nh4+ Kf7
59. Nf5 Rea7 60. Nxh6+ Kg6 61. Nf5 R3a4 62. Nh4+ Kf7 63. Rxa4 Rxa4+ 64. Kf5 Ra1
65. Ng2 Rf1+ 66. Nf4 Kg7 67. g5 fxg5 68. Kxg5 Ra1 69. Ne6+ Kf7 70. Nf4 Ra5+ 71.
Kg4 Kf6 72. Nh5+ Kg6 73. Nf4+ Kh6 74. Kh4 Ra4 75. Kg4 Rb4 1/2-1/2

[Event "Madrid 2019-2020 ch - Previa A"]
[Site "Madrid ESP"]
[Date "2020.02.17"]
[Round "7.29"]
[White "Gonzalez-Ruano Perez, Cesar"]
[Black "Olmos Rodriguez, Arcadio"]
[Result "1-0"]
[WhiteElo "1855"]
[BlackElo "1404"]
[PlyCount "55"]
[EventDate "2020.02.03"]
[EventType "swiss"]
[EventRounds "9"]
[EventCountry "ESP"]
[SourceTitle "Ajedrez en Madrid"]
[Source "lmi"]
[SourceDate "2020.02.03"]
[SourceVersion "1"]
[SourceVersionDate "2020.02.27"]
[SourceQuality "1"]

1. c4 Nf6 2. g3 g6 3. Bg2 Bg7 4. Nc3 d6 5. e4 O-O 6. Nge2 c5 7. O-O Nc6 8. d3
a6 9. h3 Rb8 10. Be3 b5 11. Qd2 bxc4 12. dxc4 a5 13. Rad1 Ne8 14. f4 f5 15.
exf5 Bxf5 16. Bxc6 Qb6 17. Nd5 Qd8 18. b3 Be4 19. Bxe8 Qxe8 20. Nec3 Bf5 21. g4
Bd7 22. Ne4 Bc6 23. Ng3 a4 24. Rb1 h5 25. f5 gxf5 26. Nxf5 e6 27. Nxg7 Kxg7 28.
Bh6+ 1-0